书目信息 |
| 题名: |
化学传感器与生物传感器
|
|
| 作者: | 埃金斯 著 ;罗瑞贤 , 陈亮寰 , 陈霭璠 译 | |
| 分册: | ||
| 出版信息: | 北京 化学工业出版社 2005 |
|
| 页数: | 207页 | |
| 开本: | 24cm | |
| 丛书名: | ||
| 单 册: | ||
| 中图分类: | TP212.2 , TP212.3 | |
| 科图分类: | ||
| 主题词: | 化学传感器 , 生物传感器 | |
| 电子资源: | ||
| ISBN: | 7-5025-6834-4 | |
| 000 | 01204nam0 2200325 450 | |
| 001 | 002957673 | |
| 005 | 20080225095221.92 | |
| 010 | @a7-5025-6834-4@dCNY30.00 | |
| 035 | @a002957673 | |
| 100 | @a20050119d2005 em y0chiy0110 ea | |
| 101 | 1 | @achi@ceng |
| 102 | @aCN@b110000 | |
| 105 | @ay z 000yy | |
| 106 | @ar | |
| 200 | 1 | @a化学传感器与生物传感器@Ahua xue chuan gan qi yu sheng wu chuan gan qi@f(英)布莱恩 R.埃金斯(Brian R.Eggins)著@g罗瑞贤,陈亮寰,陈霭璠译 |
| 210 | @a北京@c化学工业出版社@d2005 | |
| 215 | @a207页@d24cm | |
| 305 | @a由John Wiley & Sons Ltd.授权出版 | |
| 330 | @a本书通篇论述了迄今为止所涉及的传感器领域,讨论了用于传感器中不同转换元件和应用的选择性元件。主要内容包括:基于电化学和光测转换器的传感器质量敏感的传感器、热敏感传感器、传感器的特性因子以及一些应用举例等。 | |
| 510 | 1 | @aChemical Sensors and Biosensors@zeng |
| 606 | 0 | @a化学传感器 |
| 606 | 0 | @a生物传感器 |
| 690 | @aTP212.2@v4 | |
| 690 | @aTP212.3@v4 | |
| 701 | 0 | @c(英)@a埃金斯@Aai jin si@c(Eggins, Brian R.)@4著 |
| 702 | 0 | @a罗瑞贤@Aluo rui xian@4译 |
| 702 | 0 | @a陈亮寰@Achen liang huan@4译 |
| 702 | 0 | @a陈霭璠@Achen ai fan@4译 |
| 801 | 0 | @aCN@bNLC@c20080225 |
| 905 | @dTP212.2@e28@f4 | |
| 化学传感器与生物传感器/(英)布莱恩 R.埃金斯(Brian R.Eggins)著/罗瑞贤,陈亮寰,陈霭璠译.-北京:化学工业出版社,2005 |
| 207页;24cm |
| ISBN 7-5025-6834-4:CNY30.00 |
| 本书通篇论述了迄今为止所涉及的传感器领域,讨论了用于传感器中不同转换元件和应用的选择性元件。主要内容包括:基于电化学和光测转换器的传感器质量敏感的传感器、热敏感传感器、传感器的特性因子以及一些应用举例等。 |
| ● |
| 相关链接 |
|
|
|
|
正题名:化学传感器与生物传感器
索取号:TP212.2/28
 
预约/预借
| 序号 | 登录号 | 条形码 | 馆藏地/架位号 | 状态 | 备注 |
| 1 | 0614788 | 206147882 | 第二样本阅览室/ [索取号:TP212.2/28] | 在馆 | |
| 2 | 0614789 | 206147891 | 第三借阅区/ [索取号:TP212.2/28] | 在馆 | |
| 3 | 0614790 | 206147908 | 第三借阅区/ [索取号:TP212.2/28] | 在馆 | |
| 4 | 0614791 | 206147917 | 第三借阅区/ [索取号:TP212.2/28] | 在馆 |